00377 a2200157 4500003000400000005001700004008004100021020001800062040000900080082002000089100001700109245003400126250001200160260003300172300001400205OSt20260306143144.0260306b |||||||| |||| 00| 0 eng d a9789354829697 coclc a894.8123bSRE/L aSreeparvathy aLILLY BERNARD /cSreeparvathy a7th ed. aKottayam:bD C Books.c2025, a174 pages